000 00383nam a2200157Ia 4500
008 230917s9999||||xx |||||||||||||| ||und||
040 _e126186
_aMAIN
041 _aEnglish
082 _a338.4791 D536I
100 _aDhar, Prem Nath
245 0 _aInternational tourism
250 _a2nd ed.
260 _aNew Delhi
_bKanishka Publishers
_c2006
300 _a326 p.
942 _cBK
999 _c152166
_d152166